000 00269nam a2200109Ia 4500
008 190216s9999||||xx |||||||||||||| ||und||
100 _aChandan J.S
245 0 _aManagement Concepts And Stategies
260 _bVikas Publishing House
_c1997
300 _a552p
942 _cBK
999 _c6043
_d6043